00503nam a22001457a 4500999001500000008004100015020001800056082001400074100003100088245013400119260003400253300001900287650003600306942001500342 c4520d4520161108b xxu||||| |||| 00| 0 eng d a9987-609-25-2 a321.8 DEM aMushi, Samwel.- (Editor).- aDemocracy and Social Transformation in AfricacEdited by Samwel S. Mushi, Rwekaza S. Mukandala and Saida Yahya Othman.-hEnglish. aDar Es Salaam:bREDET,c2004. a219p.;c21cm.- 2Systems of governments & states 2ddccBOOKS